[Event "POL-chT 1st League"]
[Site "Leba"]
[Date "2023.09.27"]
[Round "5.10"]
[White "Kucharski, Bartlomiej"]
[Black "Siedlecki, Adam"]
[Result "1-0"]
[WhiteElo "1983"]
[BlackElo "1771"]
[PlyCount "45"]
[EventDate "2023.09.23"]
[EventType "team-swiss"]
[EventRounds "9"]
[EventCountry "POL"]
[SourceTitle "EXT 2024"]
[Source "ChessBase"]
[SourceDate "2023.10.10"]
[SourceVersion "1"]
[SourceVersionDate "2023.10.10"]
[SourceQuality "1"]
[WhiteTeam "Debica Gryf"]
[BlackTeam "Chroscice Victoria"]
[WhiteTeamCountry "POL"]
[BlackTeamCountry "POL"]

1. d4 Nf6 2. c4 g6 3. Nc3 Bg7 4. e4 d6 5. h3 0-0 6. Be3 Nc6 7. d5 Ne5 8. Be2 c5 9. f4 Ned7 10. Nf3 Nh5 11. Kf2 Bh6 12. Qd2 f5 13. exf5 gxf5 14. g4 Nhf6 15. g5 Ne4+ 16. Nxe4 fxe4 17. gxh6 exf3 18. Rag1+ Kh8 19. Qc3+ Rf6 20. Bd3 e5 21. dxe6 Nf8 22. f5 Bxe6 23. Bg5 1-0

[Event "POL-ch Universities"]
[Site "Bydgoszcz"]
[Date "2023.03.10"]
[Round "5"]
[White "Pacan Milej, Kosma"]
[Black "Kucharski, Bartlomiej"]
[Result "1-0"]
[WhiteElo "2402"]
[BlackElo "2012"]
[PlyCount "70"]
[EventDate "2023.03.10"]
[EventType "swiss"]
[EventRounds "9"]
[EventCountry "POL"]
[SourceTitle "CBM 213 Extra"]
[Source "ChessBase"]
[SourceDate "2023.05.31"]
[SourceVersion "1"]
[SourceVersionDate "2023.05.31"]
[SourceQuality "1"]

1. d4 d6 2. c4 c6 3. Nc3 Qc7 4. e4 e5 5. Nf3 Nf6 6. Be2 Be7 7. 0-0 0-0 8. h3 Nbd7 9. Be3 Re8 10. Qc2 Nf8 11. Rfd1 Ng6 12. Rac1 Bd7 13. b4 Rad8 14. d5 c5 15. bxc5 dxc5 16. a4 Bd6 17. Rb1 Re7 18. a5 Be8 19. Nb5 Bxb5 20. Rxb5 b6 21. axb6 axb6 22. Bg5 Ra8 23. Rdb1 Ra6 24. Bxf6 gxf6 25. Qb3 Nf4 26. Bf1 f5 27. Rxb6 Rxb6 28. Qxb6 fxe4 29. Ng5 f5 30. g3 h6 31. gxf4 hxg5 32. Qxc7 Bxc7 33. fxg5 f4 34. h4 f3 35. Re1 Rh7 1-0

[Event "Bystre op 2nd"]
[Site "Bystre"]
[Date "2022.07.21"]
[Round "6"]
[White "Kucharski, Bartlomiej"]
[Black "Bugajski, Robert"]
[Result "1/2-1/2"]
[WhiteElo "2003"]
[BlackElo "2075"]
[PlyCount "122"]
[EventDate "2022.07.17"]
[EventType "swiss"]
[EventRounds "9"]
[EventCountry "POL"]
[SourceTitle "CBM 209 Extra"]
[Source "ChessBase"]
[SourceDate "2022.09.30"]
[SourceVersion "1"]
[SourceVersionDate "2022.09.30"]
[SourceQuality "1"]

1. e4 c5 2. Nf3 d6 3. d4 Nf6 4. Nc3 cxd4 5. Qxd4 Bd7 6. Bg5 Nc6 7. Qd2 a6 8. Be2 e6 9. Rd1 h6 10. Bh4 Qc7 11. 0-0 Be7 12. Bxf6 gxf6 13. Kh1 0-0-0 14. Nd4 Nxd4 15. Qxd4 Kb8 16. f4 h5 17. Nb1 h4 18. h3 Rhg8 19. c4 Bc6 20. Bf3 Qa5 21. Nc3 Qc5 22. Ne2 f5 23. exf5 Bxf3 24. Rxf3 Qxf5 25. Rb3 Rc8 26. Rbd3 Rgd8 27. b3 Rc6 28. Qe3 Rcc8 29. Nd4 Qh5 30. Qe4 d5 31. cxd5 Qxd5 32. Qh7 Rg8 33. Nf3 Qf5 34. Qxf5 exf5 35. Rd7 Rgd8 36. Ne5 Rxd7 37. Rxd7 Rc1+ 38. Kh2 Bc5 39. Nf3 Bf2 40. Nxh4 Bxh4 41. Rxf7 Rc3 42. Rg7 Rc7 43. Rg8+ Rc8 44. Rg7 Rf8 45. g3 Bf6 46. Rh7 Bd4 47. Kg2 Rc8 48. g4 fxg4 49. hxg4 Rc2+ 50. Kf3 Rxa2 51. g5 Rb2 52. Ke4 Bc3 53. f5 Rg2 54. g6 b5 55. Kd5 a5 56. Rh3 Bb2 57. Ke6 a4 58. bxa4 bxa4 59. Kf7 a3 60. Rxa3 Bxa3 61. g7 Ka8 1/2-1/2

[Event "Subcarpathian-chT"]
[Site "Bystre"]
[Date "2021.06.12"]
[Round "7.2"]
[White "Sygulski, Piotr"]
[Black "Kucharski, Bartlomiej"]
[Result "1/2-1/2"]
[WhiteElo "1819"]
[BlackElo "2035"]
[PlyCount "66"]
[EventDate "2021.06.09"]
[EventType "team-tourn"]
[EventRounds "9"]
[EventCountry "POL"]
[SourceTitle "EXT 2022"]
[Source "ChessBase"]
[SourceDate "2021.10.06"]
[SourceVersion "1"]
[SourceVersionDate "2021.10.06"]
[SourceQuality "1"]

1. d4 Nf6 2. Nf3 g6 3. c4 Bg7 4. Nc3 d6 5. e3 0-0 6. Bd3 Nc6 7. 0-0 e5 8. a3 exd4 9. exd4 Bg4 10. Be2 d5 11. Ne5 Bxe2 12. Nxe2 Qe8 13. Nc3 dxc4 14. Nxc4 Rd8 15. Be3 Qd7 16. Qb3 b6 17. Rad1 Nd5 18. Ne5 Qe6 19. Nxd5 Na5 20. Qc2 Rxd5 21. b4 Bxe5 22. dxe5 Rxd1 23. Rxd1 Nc4 24. Bc1 b5 25. f4 f6 26. exf6 Qxf6 27. h3 Re8 28. Qd3 Qe6 29. Kh2 a6 30. Qd4 Qd6 31. Qg1 Qc6 32. Qf2 Qe4 33. Rd7 Re7 1/2-1/2

[Event "Krakow op-B 30th"]
[Site "Krakow"]
[Date "2020.01.04"]
[Round "9"]
[White "Zabron, Maksym"]
[Black "Kucharski, Bartlomiej"]
[Result "0-1"]
[WhiteElo "1907"]
[BlackElo "2024"]
[PlyCount "68"]
[EventDate "2019.12.27"]
[EventType "swiss"]
[EventRounds "9"]
[EventCountry "POL"]
[SourceTitle "CBM 195 Extra"]
[Source "ChessBase"]
[SourceDate "2020.05.31"]
[SourceVersion "1"]
[SourceVersionDate "2020.05.31"]
[SourceQuality "1"]

1. d4 d6 2. c4 e5 3. d5 f5 4. Nc3 Nf6 5. Qc2 Be7 6. Nf3 0-0 7. e4 fxe4 8. Ng5 c6 9. Ngxe4 Nxe4 10. Nxe4 cxd5 11. cxd5 Bf5 12. Bd3 Nd7 13. 0-0 Rc8 14. Qb1 Bg6 15. Rd1 Nb6 16. b3 Nxd5 17. Bc4 Rxc4 18. bxc4 Nc3 19. Nxc3 Bxb1 20. Rxb1 Qa5 21. Nd5 Bd8 22. Rxb7 Qxa2 23. Be3 a5 24. Rc1 h6 25. Ne7+ Bxe7 26. Rxe7 a4 27. Ra7 Rb8 28. h3 Rb1 29. Rxb1 Qxb1+ 30. Kh2 Qb4 31. Ra6 Kh7 32. c5 dxc5 33. Bxc5 Qxc5 34. Rxa4 Qxf2 0-1

[Event "Krakow op-B 30th"]
[Site "Krakow"]
[Date "2020.01.02"]
[Round "7"]
[White "Isha, Sharma"]
[Black "Kucharski, Bartlomiej"]
[Result "1-0"]
[WhiteElo "2099"]
[BlackElo "2024"]
[PlyCount "195"]
[EventDate "2019.12.27"]
[EventType "swiss"]
[EventRounds "9"]
[EventCountry "POL"]
[SourceTitle "CBM 195 Extra"]
[Source "ChessBase"]
[SourceDate "2020.05.31"]
[SourceVersion "1"]
[SourceVersionDate "2020.05.31"]
[SourceQuality "1"]

1. e4 e6 2. d4 d5 3. Nd2 dxe4 4. Nxe4 Nd7 5. g3 Ngf6 6. Nxf6+ Nxf6 7. Bg2 c5 8. Ne2 Be7 9. 0-0 0-0 10. c4 Qb6 11. dxc5 Bxc5 12. a3 Rd8 13. Qc2 a5 14. Bg5 Bd7 15. Bxf6 gxf6 16. Qc3 f5 17. Rab1 Bf8 18. Nf4 Bg7 19. Qc1 Bc6 20. Nh5 Bh8 21. Qg5+ Kf8 22. Qh6+ Kg8 23. Bxc6 Qxc6 24. Rbd1 Rd7 25. b4 axb4 26. axb4 Qc7 27. Qg5+ Kf8 28. Qh6+ Kg8 29. c5 Rad8 30. Rc1 Qc6 31. h3 Qb5 32. Rb1 Ra8 33. Rfd1 Ra2 34. Qf4 Ra8 35. Rxd7 Qxd7 36. b5 Qd3 37. Qc1 Bd4 38. c6 Bxf2+ 39. Kh2 Be3 40. Qb2 Bd4 41. cxb7 Rd8 42. Nf4 Qe4 43. Rd1 e5 44. Qg2 Rb8 45. Qxe4 fxe4 46. Rc1 Rxb7 47. Rc8+ Kg7 48. Nh5+ Kg6 49. g4 Rxb5 50. Rg8+ Kh6 51. Ng3 Rb2+ 52. Kh1 Rb1+ 53. Kg2 Rg1+ 54. Kh2 Rxg3 55. Kxg3 f6 56. Kg2 Be3 57. h4 Bf4 58. Kf2 Bd2 59. Ke2 Bf4 60. Kf2 Bd2 61. Kf1 Bc1 62. Rc8 Be3 63. Rc4 Bd4 64. Rc7 Kg6 65. h5+ Kg5 66. Rg7+ Kh6 67. Rg8 Be3 68. Ke2 Bf4 69. Kd1 Be3 70. Kc2 Bf4 71. Kc3 Be3 72. Kc4 Bf2 73. Kc3 Be3 74. Kc2 Bf4 75. Kd1 Be3 76. Ke2 Bd4 77. Kd2 Bc5 78. Rc8 Bd4 79. Rg8 Bc5 80. Ke2 Bd4 81. Kf1 Be3 82. Kg2 Bd4 83. Kg3 Be3 84. Rc8 Bf4+ 85. Kh3 Bd2 86. Rc4 e3 87. Re4 Kg5 88. Kg3 Be1+ 89. Kf3 Bf2 90. Rc4 h6 91. Ra4 Bg1 92. Ra8 e4+ 93. Ke2 Bh2 94. Rg8+ Kf4 95. Rg6 Kg3 96. Kxe3 Kh4 97. Kxe4 Be5 98. Kf5 1-0

[Event "Krakow op-B 30th"]
[Site "Krakow"]
[Date "2019.12.30"]
[Round "5"]
[White "Reprun, Nadejda"]
[Black "Kucharski, Bartlomiej"]
[Result "0-1"]
[WhiteElo "1975"]
[BlackElo "2024"]
[PlyCount "110"]
[EventDate "2019.12.27"]
[EventType "swiss"]
[EventRounds "9"]
[EventCountry "POL"]
[SourceTitle "CBM 195 Extra"]
[Source "ChessBase"]
[SourceDate "2020.05.31"]
[SourceVersion "1"]
[SourceVersionDate "2020.05.31"]
[SourceQuality "1"]

1. e4 d6 2. d4 g6 3. Nc3 Bg7 4. Be3 c6 5. Qd2 b5 6. a3 Nf6 7. Bh6 0-0 8. Bxg7 Kxg7 9. Nf3 Qa5 10. Bd3 Bg4 11. 0-0 Bxf3 12. gxf3 e5 13. dxe5 dxe5 14. f4 Nbd7 15. Qe3 Rad8 16. Be2 exf4 17. Qxf4 Rfe8 18. b4 Qb6 19. Rad1 Ne5 20. Rxd8 Qxd8 21. Rd1 Qe7 22. h3 Qe6 23. Kh2 Nc4 24. Rd4 Nxa3 25. Rd6 Qe5 26. Qxe5 Rxe5 27. Bd3 Re6 28. Rxe6 fxe6 29. f4 Nd7 30. Kg3 e5 31. Ne2 Kf6 32. Ng1 c5 33. bxc5 Nxc5 34. fxe5+ Kxe5 35. Nf3+ Kf6 36. Kf4 Nxd3+ 37. cxd3 Nc2 38. e5+ Ke7 39. Ke4 b4 40. d4 a5 41. Kd3 Na3 42. d5 b3 43. Kc3 a4 44. d6+ Kd7 45. Nd2 Nb5+ 46. Kb2 Nd4 47. Ne4 Ke6 48. Ng5+ Kxe5 49. d7 Nc6 50. Nxh7 Kf5 51. h4 Ke6 52. Ng5+ Kxd7 53. Ne4 Ke6 54. Nc5+ Kf5 55. Nxa4 Na5 0-1

[Event "Malopolska Region-chB"]
[Site "Krakow"]
[Date "2019.06.20"]
[Round "1"]
[White "Owoc, Jakub"]
[Black "Kucharski, Bartlomiej"]
[Result "0-1"]
[WhiteElo "1512"]
[BlackElo "1871"]
[PlyCount "112"]
[EventDate "2019.06.20"]
[EventType "swiss"]
[EventRounds "7"]
[EventCountry "POL"]
[SourceTitle "EXT 2020"]
[Source "ChessBase"]
[SourceDate "2019.10.17"]
[SourceVersion "1"]
[SourceVersionDate "2019.10.17"]
[SourceQuality "1"]

1. e4 e5 2. Nf3 Nc6 3. d4 exd4 4. Nxd4 Bc5 5. Nxc6 Qf6 6. Qf3 Qxc6 7. Nc3 Ne7 8. Bf4 0-0 9. Bd3 d6 10. 0-0 Be6 11. Rad1 Ng6 12. Nd5 f5 13. g3 Rae8 14. c4 Qd7 15. exf5 Bxf5 16. b4 Bg4 17. Qg2 Bxd1 18. bxc5 Nxf4 19. Nxf4 Ba4 20. Qd5+ Qf7 21. Qxb7 dxc5 22. Qxa7 Qd7 23. Nd5 Rf3 24. Bb1 Qc6 25. Kg2 Rc3 26. Kg1 Rxc4 27. Nxc7 Rc8 28. Na6 Rc3 29. Nb8 Qb5 30. Na6 Qc6 31. Nb8 Qe8 32. Qa5 Rc4 33. Qd2 Rd4 34. Qg5 Rxb8 35. Qf5 g6 36. Qxc5 Rbd8 37. a3 Qf7 38. Qa5 Bc6 39. Qc3 Qf3 40. Ba2+ Kg7 41. Qxf3 Bxf3 42. Bb3 Rd3 43. Bc2 Rxa3 44. h3 Rd2 45. Rc1 Rc3 46. g4 h5 47. gxh5 gxh5 48. h4 Rcxc2 49. Rf1 Kf6 50. Re1 Rxf2 51. Re6+ Kf5 52. Re5+ Kf4 53. Rf5+ Kg3 54. Rg5+ Bg4 55. Rc5 Rxc5 56. Kh1 Rc1# 0-1

[Event "Rubinstein Memorial-A 54th"]
[Site "Polanica Zdroj"]
[Date "2018.08.19"]
[Round "2"]
[White "Luberanski, Jakub"]
[Black "Kucharski, Bartlomiej"]
[Result "1-0"]
[WhiteElo "1763"]
[BlackElo "1938"]
[PlyCount "79"]
[EventDate "2018.08.18"]
[EventType "swiss"]
[EventRounds "9"]
[EventCountry "POL"]
[SourceTitle "CBM 186 Extra"]
[Source "ChessBase"]
[SourceDate "2018.08.24"]
[SourceVersion "1"]
[SourceVersionDate "2018.08.24"]
[SourceQuality "1"]

1. e4 d5 2. exd5 Qxd5 3. Nc3 Qa5 4. d4 Nf6 5. Nf3 Bf5 6. Bd2 c6 7. Ne4 Qc7 8. Nxf6+ gxf6 9. g3 e6 10. Bg2 Nd7 11. 0-0 0-0-0 12. Nh4 Bg6 13. c4 Nb6 14. Ba5 c5 15. d5 Bg7 16. Qf3 f5 17. Rad1 Bd4 18. b3 f4 19. Bh3 fxg3 20. hxg3 Kb8 21. dxe6 fxe6 22. Bxe6 Rhf8 23. Bf5 Bxf5 24. Nxf5 Qd7 25. g4 h5 26. Qg3+ Ka8 27. Nxd4 cxd4 28. g5 h4 29. Qg2 Rf4 30. f3 Qf5 31. Bd2 Rg8 32. Bxf4 Qxf4 33. Rfe1 Nc8 34. Re4 Qf5 35. Rdxd4 Rxg5 36. Rg4 Rxg4 37. Qxg4 Qb1+ 38. Kh2 Qc2+ 39. Kh3 Kb8 40. Rd8 1-0

[Event "POL-chT U20 1st League"]
[Site "Szczyrk"]
[Date "2017.07.26"]
[Round "5.16"]
[White "Kucharski, Bartlomiej"]
[Black "Meers, Hubert"]
[Result "0-1"]
[WhiteElo "1644"]
[BlackElo "1696"]
[PlyCount "78"]
[EventDate "2017.07.22"]
[EventType "team-tourn"]
[EventRounds "9"]
[EventCountry "POL"]
[SourceTitle "EXT 2019"]
[Source "ChessBase"]
[SourceDate "2018.10.10"]
[SourceVersion "1"]
[SourceVersionDate "2018.10.10"]
[SourceQuality "1"]

1. e4 c5 2. Nf3 d6 3. d4 cxd4 4. Nxd4 Nf6 5. Nc3 a6 6. Bg5 e6 7. f4 h6 8. Bh4 Be7 9. Qf3 Nbd7 10. 0-0-0 Qc7 11. g4 g5 12. fxg5 Ne5 13. Qg3 Nfxg4 14. gxh6 Bxh4 15. Qxh4 Rxh6 16. Qg3 Rg6 17. Be2 Bd7 18. h3 Nf6 19. Qh4 0-0-0 20. Rdf1 Ng8 21. Nf3 Bc6 22. Nxe5 dxe5 23. Bh5 Rg7 24. Rhg1 Rh7 25. Rf3 Qb6 26. Rfg3 Qf2 27. Qg5 f6 28. Qg4 f5 29. exf5 Nf6 30. Qc4 Nxh5 31. Qxe6+ Rhd7 32. Rg8 Qe3+ 33. Kb1 Nf4 34. Qc4 Kb8 35. a3 Nd5 36. Rxd8+ Rxd8 37. Rg7 Qe1+ 38. Ka2 Nxc3+ 39. Qxc3 Bd5+ 0-1

[Event "POL-chT U20 1st League"]
[Site "Szczyrk"]
[Date "2017.07.23"]
[Round "2.28"]
[White "Gorkiewicz, Mateusz"]
[Black "Kucharski, Bartlomiej"]
[Result "0-1"]
[WhiteElo "1764"]
[BlackElo "1644"]
[PlyCount "90"]
[EventDate "2017.07.22"]
[EventType "team-tourn"]
[EventRounds "9"]
[EventCountry "POL"]
[SourceTitle "EXT 2019"]
[Source "ChessBase"]
[SourceDate "2018.10.10"]
[SourceVersion "1"]
[SourceVersionDate "2018.10.10"]
[SourceQuality "1"]

1. e4 e5 2. Nf3 Nc6 3. d4 exd4 4. Nxd4 d6 5. Bc4 Nf6 6. Nc3 Be7 7. 0-0 0-0 8. f3 Nxd4 9. Qxd4 Be6 10. Be3 c6 11. Rad1 Qc7 12. Bf4 Rad8 13. h3 Rfe8 14. Rf2 Nh5 15. Bh2 Bh4 16. Rfd2 Bg3 17. Bxg3 Nxg3 18. Bxe6 fxe6 19. Qf2 d5 20. exd5 exd5 21. Qxa7 Re6 22. Qc5 Qf4 23. Qd4 Qg5 24. Qf2 Rde8 25. Kh2 Nf5 26. Re2 Rxe2 27. Nxe2 Ne3 28. Rd3 Nxc2 29. f4 Qe7 30. Ng3 Ne3 31. Qf3 Qe6 32. Qh5 Qf7 33. Qg5 h6 34. Qh4 Qg6 35. Rc3 d4 36. Rc1 d3 37. f5 Qd6 38. f6 d2 39. Qh5 Rf8 40. Rg1 d1Q 41. Rxd1 Qxd1 42. Qg6 Rf7 43. fxg7 Nf1+ 44. Nxf1 Qxf1 45. Qxh6 Qf4+ 0-1

[Event "Baltic Cup-B 1st"]
[Site "Darlowko"]
[Date "2017.06.26"]
[Round "2"]
[White "Kucharski, Bartlomiej"]
[Black "Rudzinska, Michalina"]
[Result "1/2-1/2"]
[WhiteElo "1665"]
[BlackElo "1867"]
[PlyCount "66"]
[EventDate "2017.06.25"]
[EventType "swiss"]
[EventRounds "9"]
[EventCountry "POL"]
[SourceTitle "EXT 2019"]
[Source "ChessBase"]
[SourceDate "2018.10.10"]
[SourceVersion "1"]
[SourceVersionDate "2018.10.10"]
[SourceQuality "1"]

1. f4 d5 2. Nf3 Nf6 3. b3 Bf5 4. Bb2 e6 5. e3 Be7 6. Be2 0-0 7. 0-0 c5 8. d3 Nc6 9. Ne5 Nxe5 10. Bxe5 Nd7 11. Bb2 Bf6 12. Bxf6 Qxf6 13. Nd2 h6 14. Bf3 Bh7 15. Qe2 Rab8 16. Rae1 b5 17. c4 bxc4 18. dxc4 Nb6 19. Rc1 Rbc8 20. Rfd1 Rfd8 21. g3 Qb2 22. Nb1 Qxe2 23. Bxe2 dxc4 24. bxc4 Na4 25. Kf2 Rxd1 26. Rxd1 Rb8 27. Na3 Nc3 28. Rd7 Be4 29. Nb5 Nxe2 30. Kxe2 a6 31. Nc3 Rb2+ 32. Rd2 Bf3+ 33. Kd3 Rb4 1/2-1/2

[Event "POL Olympiad U14"]
[Site "Drzonkow"]
[Date "2017.04.04"]
[Round "4"]
[White "Kucharski, Bartlomiej"]
[Black "Jankowski, Igor"]
[Result "0-1"]
[WhiteElo "1745"]
[BlackElo "1247"]
[PlyCount "106"]
[EventDate "2017.04.02"]
[EventType "swiss"]
[EventRounds "9"]
[EventCountry "POL"]
[SourceTitle "EXT 2020"]
[Source "ChessBase"]
[SourceDate "2019.10.17"]
[SourceVersion "1"]
[SourceVersionDate "2019.10.17"]
[SourceQuality "1"]

1. e4 e6 2. d3 d5 3. Nd2 g6 4. Ngf3 Bg7 5. g3 c5 6. Bg2 Nc6 7. 0-0 Nge7 8. Re1 0-0 9. e5 f6 10. exf6 Bxf6 11. Nb3 Qd6 12. c3 Bg7 13. d4 cxd4 14. cxd4 Nf5 15. Bf4 Qb4 16. Bd2 Qb6 17. Bc3 Rb8 18. Qd2 Re8 19. Rac1 Bh6 20. Ng5 Bxg5 21. Qxg5 Nb4 22. Bxb4 Qxb4 23. Bxd5 Bd7 24. Bg2 Nxd4 25. Nxd4 Qxd4 26. Red1 Qg7 27. Rc7 Re7 28. Rxb7 Rxb7 29. Bxb7 h6 30. Qc5 Rf7 31. Qd4 e5 32. Qc4 Kh7 33. Be4 Qf6 34. Rd2 Be6 35. Qa6 Rc7 36. Rc2 Rf7 37. f3 Qe7 38. Rc6 Bf5 39. Bd5 Rg7 40. Qc4 a5 41. Qc5 Qg5 42. Rc7 h5 43. Rxg7+ Kxg7 44. f4 Qd8 45. fxe5 Qg5 46. e6 Bxe6 47. Qc7+ Kh6 48. Bxe6 Qe3+ 49. Kg2 Qe2+ 50. Kg1 Qe1+ 51. Kg2 Qe2+ 52. Kh3 Qf1+ 53. Kh4 g5# 0-1

[Event "POL Olympiad U14"]
[Site "Drzonkow"]
[Date "2017.04.03"]
[Round "2"]
[White "Kucharski, Bartlomiej"]
[Black "Lichorad, Mateusz"]
[Result "1/2-1/2"]
[WhiteElo "1745"]
[BlackElo "1601"]
[PlyCount "115"]
[EventDate "2017.04.02"]
[EventType "swiss"]
[EventRounds "9"]
[EventCountry "POL"]
[SourceTitle "EXT 2020"]
[Source "ChessBase"]
[SourceDate "2019.10.17"]
[SourceVersion "1"]
[SourceVersionDate "2019.10.17"]
[SourceQuality "1"]

1. e4 c5 2. Nf3 e6 3. d3 Nc6 4. Nbd2 d6 5. g3 g6 6. Bg2 Bg7 7. 0-0 Nf6 8. Re1 0-0 9. Nf1 Rb8 10. h4 b5 11. N1h2 e5 12. Be3 Qe7 13. Qd2 b4 14. Bg5 a5 15. Nf1 Be6 16. Ne3 h6 17. Bxf6 Qxf6 18. Nc4 Qd8 19. h5 g5 20. Nh2 a4 21. Nf1 Na5 22. Nfe3 Nxc4 23. dxc4 Qe7 24. Red1 Rfd8 25. Kh2 g4 26. Rh1 Qg5 27. Kg1 Rb6 28. Qe2 Bf6 29. Rd1 Qg7 30. Bf1 Kh8 31. Rd3 Be7 32. Qd1 Rg8 33. Be2 Rbb8 34. Kg2 Rbd8 35. a3 Ra8 36. Nd5 Bxd5 37. Rxd5 bxa3 38. bxa3 Rab8 39. Rd3 Qh7 40. f3 Rg7 41. Qe1 Rbg8 42. Bd1 f5 43. exf5 Qxf5 44. fxg4 Qe6 45. Qe4 Bg5 46. Rf1 Be7 47. Rf5 Bg5 48. Rdf3 Qe7 49. Qd5 e4 50. Rf1 e3 51. Be2 Qb7 52. Rf7 Rxf7 53. Rxf7 Qxd5+ 54. cxd5 Rb8 55. Kf3 Kg8 56. Rc7 Rf8+ 57. Ke4 Rb8 58. Kf3 1/2-1/2

[Event "Krakow op-B 27th"]
[Site "Krakow"]
[Date "2016.12.30"]
[Round "5"]
[White "Widla, Piotr"]
[Black "Kucharski, Bartlomiej"]
[Result "1-0"]
[WhiteElo "2003"]
[BlackElo "1785"]
[PlyCount "59"]
[EventDate "2016.12.27"]
[EventType "swiss"]
[EventRounds "9"]
[EventCountry "POL"]
[SourceTitle "CBM 176 Extra"]
[Source "ChessBase"]
[SourceDate "2017.03.02"]
[SourceVersion "1"]
[SourceVersionDate "2017.03.02"]
[SourceQuality "1"]

1. e4 d5 2. Nc3 d4 3. Nce2 c5 4. Ng3 Nc6 5. Bc4 e5 6. Nf3 g6 7. d3 Bg7 8. Ng5 Nh6 9. h4 Qe7 10. c3 f6 11. Nf3 Bg4 12. Bd5 Qd6 13. Qb3 Rb8 14. Bxh6 Bxh6 15. h5 Ke7 16. hxg6 hxg6 17. Nh4 f5 18. exf5 Na5 19. Nxg6+ Qxg6 20. fxg6 Nxb3 21. axb3 a6 22. Ra5 Kd6 23. c4 Be6 24. Bxe6 Kxe6 25. Rxc5 Rbf8 26. Rh5 Bf4 27. Rxh8 Rxh8 28. g7 Rg8 29. Nh5 Bh6 30. Rc7 1-0

[Event "Krakow op-B 27th"]
[Site "Krakow"]
[Date "2016.12.28"]
[Round "2"]
[White "Kucharski, Bartlomiej"]
[Black "Golenia, Wojciech"]
[Result "0-1"]
[WhiteElo "1785"]
[BlackElo "2001"]
[PlyCount "96"]
[EventDate "2016.12.27"]
[EventType "swiss"]
[EventRounds "9"]
[EventCountry "POL"]
[SourceTitle "CBM 176 Extra"]
[Source "ChessBase"]
[SourceDate "2017.03.02"]
[SourceVersion "1"]
[SourceVersionDate "2017.03.02"]
[SourceQuality "1"]

1. e4 d6 2. d4 Nf6 3. Nc3 g6 4. f4 Bg7 5. Bd3 0-0 6. Nf3 c6 7. a4 Na6 8. Bxa6 bxa6 9. 0-0 Rb8 10. b3 c5 11. e5 Nd7 12. exd6 exd6 13. Be3 Bb7 14. Qd2 Qf6 15. Rad1 Rbc8 16. Ne2 Rfe8 17. dxc5 Qe7 18. Kf2 dxc5 19. Ng3 Nf6 20. h3 Nd5 21. Rfe1 Bc3 22. Qe2 Bxe1+ 23. Rxe1 Nxe3 24. Qxe3 Qxe3+ 25. Rxe3 Rxe3 26. Kxe3 Bxf3 27. Kxf3 c4 28. b4 c3 29. Ke3 Rc4 30. Ne2 Kf8 31. g3 Ke7 32. Kd3 Rxb4 33. Nxc3 Ke6 34. Ne4 f5 35. Ng5+ Ke7 36. Nxh7 Rxa4 37. Ng5 Ra1 38. Ke2 Rg1 39. Kf3 Rc1 40. g4 fxg4+ 41. hxg4 Rxc2 42. f5 gxf5 43. gxf5 a5 44. Kf4 a4 45. Ke5 Rc5+ 46. Kd4 Rxf5 47. Ne4 Rf4 48. Kd3 Rxe4 0-1

[Event "POL-chT U20 1st League"]
[Site "Suchedniow"]
[Date "2016.07.29"]
[Round "7.28"]
[White "Kucharski, Bartlomiej"]
[Black "Wolaniecki, Patryk"]
[Result "1-0"]
[WhiteElo "1742"]
[BlackElo "1659"]
[PlyCount "57"]
[EventDate "2016.07.23"]
[EventType "team-tourn"]
[EventRounds "9"]
[EventCountry "POL"]
[SourceTitle "EXT 2019"]
[Source "ChessBase"]
[SourceDate "2018.10.10"]
[SourceVersion "1"]
[SourceVersionDate "2018.10.10"]
[SourceQuality "1"]

1. e4 c5 2. Nf3 Nc6 3. Bb5 e6 4. 0-0 Nge7 5. Re1 a6 6. Bf1 d5 7. d3 dxe4 8. dxe4 Qxd1 9. Rxd1 Bd7 10. Be3 Ng6 11. c3 f5 12. g3 Nce5 13. Nxe5 Nxe5 14. Nd2 Ng4 15. Nc4 Nxe3 16. Nxe3 0-0-0 17. Bg2 b5 18. a4 bxa4 19. exf5 exf5 20. Nd5 Bb5 21. c4 Be8 22. b3 Bd6 23. bxa4 Bc6 24. Rab1 Kd7 25. a5 Ke6 26. Rb6 Ba8 27. Nc7+ Ke7 28. Nxa8 Be5 29. Re1 1-0

[Event "POL-chT U20 1st League"]
[Site "Suchedniow"]
[Date "2016.07.26"]
[Round "4.16"]
[White "Wierzbicki, Michal"]
[Black "Kucharski, Bartlomiej"]
[Result "1/2-1/2"]
[WhiteElo "1712"]
[BlackElo "1742"]
[PlyCount "114"]
[EventDate "2016.07.23"]
[EventType "team-tourn"]
[EventRounds "9"]
[EventCountry "POL"]
[SourceTitle "EXT 2019"]
[Source "ChessBase"]
[SourceDate "2018.10.10"]
[SourceVersion "1"]
[SourceVersionDate "2018.10.10"]
[SourceQuality "1"]

1. d4 f5 2. g3 Nf6 3. Bg2 e6 4. Nd2 d5 5. Nh3 Bd6 6. Nf3 0-0 7. Bf4 Nbd7 8. 0-0 Ne4 9. Bxd6 Nxd6 10. Nf4 Qe7 11. Nd3 b6 12. Qc1 Ba6 13. Re1 c5 14. Qg5 Nf6 15. c3 Rac8 16. dxc5 bxc5 17. Nfe5 Qb7 18. Qe3 Qc7 19. f3 Rfe8 20. h4 Nc4 21. Nxc4 Bxc4 22. Qe5 Qb6 23. Reb1 a5 24. Kh1 a4 25. Qe3 d4 26. cxd4 cxd4 27. Qd2 Nd5 28. Rc1 Ne3 29. f4 Qb5 30. Bf3 Red8 31. h5 Rb8 32. b3 axb3 33. axb3 Qxb3 34. Ra7 Qb6 35. Rca1 Bd5 36. Ne5 Bxf3+ 37. Nxf3 Qc6 38. R7a6 Qe4 39. Qa2 Re8 40. Kg1 Nd5 41. Qd2 Nc3 42. Nxd4 Qxd4+ 43. Qxd4 Nxe2+ 44. Kf2 Nxd4 45. Ra7 e5 46. Rd7 Nc6 47. Rc1 Rbc8 48. Rd6 Ne7 49. Rb1 e4 50. Rb7 Kf7 51. h6 g6 52. Ke3 Red8 53. Rdd7 Ke6 54. Rxe7+ Kf6 55. Rf7+ Ke6 56. Rfe7+ Kf6 57. Rf7+ Ke6 1/2-1/2